Leaders of UK, Russia, USA, France, Germany, Australia and Canada Quiz - Statistics

General Stats
  • This quiz has been taken 54 times
    26 since last reset
  • The average score is 103 of 265
Answer Stats
Party/Politics In Office Lifespan Leader % Correct
Republican 1861 - 1865 1809 - 1865 Abraham Lincoln
100%
Democratic 1865 - 1869 1808 - 1875 Andrew Johnson
100%
Democratic 2009 - 2017 1961 - Barack Obama
100%
Democratic 1993 - 2001 1946 - Bill Clinton
100%
Conservative 2019 - 2022 1964 - Boris Johnson
100%
Republican 2025 - 1946 - Donald Trump
100%
Republican 2017 - 2021 1946 - Donald Trump
100%
Republican 1953 - 1961 1890 - 1969 Dwight Eisenhower
100%
Democratic 1933 - 1945 1882 - 1945 Franklin D. Roosevelt
100%
Republican 1989 - 1993 1924 - 2018 George H.W. Bush
100%
Independent 1789 - 1797 1732 - 1799 George Washington
100%
Republican 2001 - 2009 1946 - George W. Bush
100%
Republican 1929 - 1993 1874 - 1964 Herbert Hoover
100%
Democratic 2021 - 2025 1942 - Joe Biden
100%
Democratic 1961 - 1963 1917 - 1963 John F. Kennedy
100%
Democratic 1963 - 1969 1908 - 1973 Lyndon B. Johnson
100%
Republican 1969 - 1974 1913 - 1994 Richard Nixon
100%
Republican 1981 - 1989 1911 - 2004 Ronald Reagan
100%
Republican 1901 - 1909 1858 - 1919 Theodore Roosevelt
100%
Democratic-Republican 1801 - 1809 1743 - 1826 Thomas Jefferson
100%
Democratic 1829 - 1837 1767 - 1845 Andrew Jackson
92%
Republican 1889 - 1893 1833 - 1901 Benjamin Harrison
92%
Republican 1923 - 1929 1872 - 1933 Calvin Coolidge
92%
Republican 1881 - 1885 1829 - 1886 Chester A. Arthur
92%
Labor 1945 1890 - 1983 Frank Forde
92%
Republican 1974 - 1977 1913 - 2006 Gerald Ford
92%
Labour 1974 - 1976 1916 - 1995 Harold Wilson
92%
Labour 1964 - 1970 1916 - 1995 Harold Wilson
92%
Democratic 1945 - 1953 1884 - 1972 Harry S. Truman
92%
Democratic-Republican 1809 - 1817 1751 - 1836 James Madison
92%
Democratic-Republican 1817 - 1825 1758 - 1831 James Monroe
92%
Democratic 1977 - 1981 1924 - 2024 Jimmy Carter
92%
Federalist 1797 - 1801 1735 - 1826 John Adams
92%
Democratic-Republican 1825 - 1829 1767 - 1848 John Quincy Adams
92%
Whig 1841 1773 - 1841 William H. Harrison
92%
Democratic 1913 - 1921 1856 - 1924 Woodrow Wilson
92%
Whig 1849 - 1850 1784 - 1850 Zachary Taylor
92%
CDU 2005 - 2021 1954 - Angela Merkel
85%
Centre 2017 - 1977 - Emmanuel Macron
85%
Republican 1881 1831 - 1881 James Garfield
85%
Whig 1841 - 1845 1790 - 1862 John Tyler
85%
Communist 1924 - 1953 1878 - 1953 Joseph Stalin
85%
Democratic 1837 - 1841 1782 - 1862 Martin Van Buren
85%
Whig 1850 - 1853 1800 - 1874 Millard Fillmore
85%
Republican 1869 -1877 1822 - 1885 Ulysses S. Grant
85%
Communist 1917 - 1924 1870 - 1924 Vladimir Lenin
85%
Independent 2012 - 1952 - Vladimir Putin
85%
Independent 2000 - 2008 1952 - Vladimir Putin
85%
Republican 1921 - 1923 1865 - 1923 Warren G. Harding
85%
Republican 1909 - 1913 1857 - 1930 William H. Taft
85%
Republican 1897 - 1901 1843 - 1901 William McKinley
85%
NSDAP 1933 - 1945 1889 - 1945 Adolf Hitler
77%
Gaullist 1959 - 1969 1890 - 1970 Charles de Gaulle
77%
Conservative 2010 - 2016 1966 - David Cameron
77%
Democratic 1853 - 1857 1804 - 1869 Franklin Pierce
77%
Democratic 1857 - 1861 1791 - 1868 James Buchanan
77%
Conservative 1979 - 1990 1925 - 2013 Margaret Thatcher
77%
Conservative 1937 - 1940 1869 - 1940 Neville Chamberlain
77%
Republican 1877 - 1881 1822 - 1893 Rutherford B. Hayes
77%
Labour 1997 - 2007 1953 - Tony Blair
77%
Conservative 1951 - 1955 1874 - 1965 Winston Churchill
77%
Conservative 1940 - 1945 1874 - 1965 Winston Churchill
77%
Independent 1991 - 1999 1931 - 2007 Boris Yeltsin
69%
Democratic 1893 - 1897 1837 - 1908 Grover Cleveland
69%
Democratic 1885 - 1889 1837 - 1908 Grover Cleveland
69%
Liberal 2015 - 2025 1971 - Justin Trudeau
69%
Labour 2024 - 1962 - Keir Starmer
69%
SPD 2021 - 1958 - Olaf Scholz
69%
Liberal 1980 - 1984 1919 - 2000 Pierre Trudeau
69%
Liberal 1969 - 1979 1919 - 2000 Pierre Trudeau
69%
Conservative 2016 - 2019 1956 - Theresa May
69%
Democratic 1845 - 1849 1795 - 1849 James K. Polk
62%
Communist 1985 - 1991 1931 - 2022 Mikhail Gorbachev
62%
Liberal 1916 - 1922 1863 - 1945 David Lloyd George
54%
Centre-Left 2012 - 2017 1954 - François Hollande
54%
Labour 2007 - 2010 1951 - Gordon Brown
54%
CDU 1982 - 1998 1930 - 2017 Helmut Kohl
54%
Communist 1964 - 1982 1906 - 1982 Leonid Brezhnev
54%
Conservative 2022 1975 - Liz Truss
54%
Bonapartist 1848 - 1852 1808 - 1873 Louis Napoléon-Bonaparte
54%
Centre-Right 2007 - 2012 1955 - Nicolas Sarkozy
54%
Communist 1953 - 1964 1894 - 1971 Nikita Khrushchev
54%
Independent 1867 - 1890 1815 - 1898 Otto von Bismarck
54%
Communist 1982 - 1984 1914 - 1984 Yuri Andropov
54%
Conservative 1955 - 1957 1897 - 1977 Anthony Eden
46%
United Russia 2008 - 2012 1965 - Dmitry Medvedev
46%
Centre-Left 1981 - 1995 1916 - 1996 François Mitterrand
46%
Centre-Right 1995 - 2007 1932 - 2019 Jacques Chirac
46%
Conservative 1990 - 1997 1943 - John Major
46%
NSDAP 1945 1897 - 1945 Joseph Goebbels
46%
CDU 1949 - 1963 1876 - 1967 Konrad Adenauer
46%
Liberal 2025 - 1965 - Mark Carney
46%
Conservative 2022 - 2024 1980 - Rishi Sunak
46%
Labor 2022 - 1963 - Anthony Albanese
38%
Conservative 1874 - 1880 1804 - 1881 Benjamin Disraeli
38%
Conservative 1868 1804 - 1881 Benjamin Disraeli
38%
Labour 1945 - 1951 1883 - 1967 Clement Attlee
38%
Conservative 1970 - 1974 1916 - 2005 Edward Heath
38%
Independent 1932 1879 - 1969 Franz von Papen
38%
SPD 1998 - 2005 1944 - Gerhard Schröder
38%
Liberal-Conservative 1878 - 1891 1815 - 1891 John A. Macdonald
38%
Liberal-Conservative 1867 - 1873 1815 - 1891 John A. Macdonald
38%
Communist 1984 - 1985 1911 - 1985 Konstantin Chernenko
38%
Labour/National Labour 1929 - 1935 1866 - 1937 Ramsay MacDonald
38%
Labour 1924 1866 - 1937 Ramsay MacDonald
38%
Liberal 1935 - 1948 1874 - 1950 William L.M. King
38%
Liberal 1926 - 1930 1874 - 1950 William L.M. King
38%
Liberal 1921 - 1926 1874 - 1950 William L.M. King
38%
SPD 1969 - 1974 1913 - 1992 Willy Brandt
38%
Conservative 1963 - 1964 1903 - 1995 Alec Douglas-Home
31%
SPD 1918 - 1919 1871 - 1925 Friedrich Ebert
31%
Gaullist 1969 - 1974 1911 - 1974 Georges Pompidou
31%
Conservative 1957 - 1963 1894 - 1986 Harold Macmillan
31%
SPD 1974 - 1982 1918 - 2015 Helmut Schmidt
31%
Liberal 1908 - 1916 1852 - 1928 Herbert H. Asquith
31%
Liberal 1993 - 2003 1934 - Jean Chrétien
31%
Liberal 1865 - 1866 1792 - 1878 John Russell
31%
Whig 1846 - 1852 1792 - 1878 John Russell
31%
CDU 1966 - 1969 1904 - 1988 Kurt Georg Kiesinger
31%
Liberal 1949 - 1966 1894 - 1978 Robert Menzies
31%
United Australia 1939 - 1941 1894 - 1978 Robert Menzies
31%
Whig 1721 - 1742 1676 - 1745 Robert Walpole
31%
Conservative 1935 - 1937 1867 - 1947 Stanley Baldwin
31%
Conservative 1924 - 1929 1867 - 1947 Stanley Baldwin
31%
Conservative 1923 - 1924 1867 - 1947 Stanley Baldwin
31%
Conservative 2006 - 2015 1959 - Stephen Harper
31%
Whig 1766 - 1768 1708 - 1778 William Pitt 'the Elder'
31%
Tory 1804 - 1806 1759 - 1806 William Pitt 'the Younger'
31%
Tory 1783 - 1801 1759 - 1806 William Pitt 'the Younger
31%
Liberal 1873 - 1878 1822 - 1892 Alexander Mackenzie
23%
Conservative 1922 - 1923 1858 - 1923 Andrew Bonar Law
23%
Conservative 1902 - 1905 1848 - 1930 Arthur Balfour
23%
Tory 1834 1769 - 1852 Arthur Wellesley
23%
Tory 1828 - 1830 1769 - 1852 Arthur Wellesley
23%
Progressive Conservative 1984 - 1993 1939 - 2024 Brian Mulroney
23%
Whig 1830 - 1834 1764 - 1845 Charles Grey
23%
Communist 1953 1902 - 1988 Georgy Malenkov
23%
DVP 1923 1878 - 1929 Gustav Stresemann
23%
Liberal 1905 - 1908 1836 - 1908 Henry Campbell-Bannerman
23%
SPD 1928 - 1930 1876 - 1931 Hermann Müller
23%
SPD 1920 1876 - 1931 Hermann Müller
23%
Labour 1976 - 1979 1912 - 2005 James Callaghan
23%
Progressive Conservative 1979 - 1980 1939 - Joe Clark
23%
Progressive Conservative 1957 - 1963 1895 - 1979 John Diefenbaker
23%
Progressive Conservative 1993 1947 - Kim Campbell
23%
Independent 1932 - 1933 1882 - 1934 Kurt von Schleicher
23%
Independent 1890 - 1894 1831 - 1899 Leo von Caprivi
23%
Liberal 1963 - 1969 1897 - 1972 Lester B. Pearson
23%
CDU 1963 - 1966 1897 - 1977 Ludwig Erhard
23%
Monarchist 1873 - 1879 1808 - 1893 Patrice de MacMahon
23%
Liberal 2003 - 2006 1938 - Paul Martin
23%
Democratic-Republican 1913 - 1920 1860 - 1934 Raymond Poincaré
23%
Conservative 1930 - 1935 1870 - 1947 R.B. Bennett
23%
Conservative 1911 - 1920 1854 - 1937 Robert Borden
23%
Liberal 2018 - 2022 1968 - Scott Morrison
23%
Neo-Gaullist 1974 - 1981 1926 - 2020 Valery Giscard D'Estaing
23%
Liberal 1896 - 1911 1841 - 1919 Wilfrid Laurier
23%
Liberal 1892 - 1894 1809 - 1898 William E. Gladstone
23%
Liberal 1886 1809 - 1898 William E. Gladstone
23%
Liberal 1880 - 1885 1809 - 1898 William E. Gladstone
23%
Liberal 1868 - 1874 1809 - 1898 William E. Gladstone
23%
Liberal 1971 - 1972 1908 - 1988 William McMahon
23%
Democratic-Republican 1932 - 1940 1871 - 1950 Albert Lebrun
15%
Conservative 1926 1874 - 1960 Arthur Meighen
15%
Conservative 1920 - 1921 1874 - 1960 Arthur Meighen
15%
Independent 1894 - 1900 1819 - 1901 Chlodwig zu Hohenlohe-Schillingsfürst
15%
Centre 1920 - 1921 1852 - 1926 Constantin Fehrenbach
15%
Labor 1972 - 1975 1916 - 2014 Edward Gough Whitlam
15%
Conservative 1866 - 1868 1799 - 1869 Edward Smith-Stanley
15%
Conservative 1858 - 1859 1799 - 1869 Edward Smith-Stanley
15%
Conservative 1852 1799 - 1869 Edward Smith-Stanley
15%
Peelite 1852 - 1855 1784 - 1860 George Hamilton-Gordon
15%
SPD 1919 - 1920 1870 - 1944 Gustav Bauer
15%
Independent 1925 - 1926 1879 - 1962 Hans Luther
15%
Centre 1930 - 1932 1885 - 1970 Heinrich Brüning
15%
Labor 1941 - 1945 1885 - 1945 John Curtin
15%
Liberal 1996 - 2007 1939 - John Howard
15%
Tory 1762 - 1763 1713 - 1792 John Stuart
15%
Liberal 1984 1929 - 2020 John Turner
15%
Labor 2010 - 2013 1961 - Julia Gillard
15%
Liberal 1948 - 1957 1882 - 1973 Louis St. Laurent
15%
NSDAP 1945 1887 - 1977 Lutz Graf Schwerin von Krosigk
15%
Liberal 2015 - 2018 1954 - Malcolm Turnbull
15%
SPD 1919 1865 - 1939 Philipp Scheidemann
15%
Centre-Right 1954 - 1959 1882 - 1962 René Coty
15%
Tory 1809 - 1812 1762 - 1812 Spencer Perceval
15%
Independent 1909 - 1917 1856 - 1921 Theobald von Bethmann Hollweg
15%
Liberal 2013 - 2015 1957 - Tony Abbott
15%
Centre 1926 - 1928 1863 - 1946 Wilhelm Marx
15%
Centre 1923 - 1925 1863 - 1946 Wilhelm Marx
15%
Monarchist 1871 - 1873 1797 - 1877 Adolphe Thiers
8%
Independent 1920 - 1924 1859 - 1943 Alexandre Millerand
8%
Liberal 1909 - 1910 1856 - 1919 Alfred Deakin
8%
Protectionist 1905 - 1908 1856 - 1919 Alfred Deakin
8%
Protectionist 1903 - 1904 1856 - 1919 Alfred Deakin
8%
Labor 1914 - 1915 1862 - 1928 Andrew Fisher
8%
Labor 1910 - 1913 1862 - 1928 Andrew Fisher
8%
Labor 1908 - 1909 1862 - 1928 Andrew Fisher
8%
Liberal 1894 - 1895 1847 - 1929 Archibald Primrose
8%
Democratic-Republican 1906 - 1913 1841 - 1931 Armand Fallières
8%
Country 1941 1894 - 1973 Arthur Fadden
8%
Whig 1768 - 1770 1735 - 1811 Augustus FitzRoy
8%
Labor 1945 - 1949 1885 - 1951 Ben Chifley
8%
Labor/Nationalist 1915 - 1923 1862 - 1952 Billy Hughes
8%
Labor 1983 - 1991 1929 - 2019 Bob Hawke
8%
Conservative 1896 1821 - 1915 Charles Tupper
8%
Whig 1782 1730 - 1782 Charles Watson-Wentworth
8%
Whig 1765 - 1766 1730 - 1782 Charles Watson-Wentworth
8%
Labor 1904 1867 - 1941 Chris Watson
8%
Country 1939 1880 - 1961 Earle Page
8%
Protectionist 1901 - 1903 1849 - 1920 Edmund Barton
8%
Democratic-Republican 1899 - 1906 1838 - 1929 Émile Loubet
8%
Opportunist Republican 1895 - 1899 1841 - 1899 Félix Faure
8%
Tory 1827 - 1828 1782 - 1859 F.J. Robinson
8%
Tory 1770 - 1782 1732 - 1792 Frederick North
8%
Centre-Left 1924 - 1931 1863 - 1937 Gaston Doumergue
8%
Tory 1827 1770 - 1827 George Canning
8%
Whig 1763 - 1765 1712 - 1770 George Grenville
8%
Free Trade 1904 - 1905 1845 - 1918 George Reid
8%
Independent 1917 1857 - 1936 Georg Michaelis
8%
Centre 1917 - 1918 1843 - 1919 Georg von Hertling
8%
Liberal 1966 - 1967 1908 - 1967 Harold Holt
8%
Tory 1801 - 1804 1757 - 1844 Henry Addington
8%
Liberal 1859 - 1865 1784 - 1865 Henry John Temple
8%
Whig 1855 - 1858 1784 - 1865 Henry John Temple
8%
Whig 1743 - 1754 1694 - 1754 Henry Pelham
8%
Labor 1929 - 1932 1876 - 1953 James Scullin
8%
Opportunist Republican 1894 - 1895 1847 - 1907 Jean Casimir-Perier
8%
Liberal-Conservative 1891 - 1892 1821 - 1893 John Abbott
8%
Liberal 1968 - 1971 1911 - 2002 John Gorton
8%
Country 1967 - 1968 1900 - 1980 John McEwen
8%
Liberal-Conservative 1892 - 1894 1845 - 1894 John Thompson
8%
Liberal 1913 - 1914 1860 - 1947 Joseph Cook
8%
United Australia 1932 - 1939 1879 - 1939 Joseph Lyons
8%
Centre 1921 - 1922 1879 - 1956 Joseph Wirth
8%
Opportunist Republican 1879 - 1887 1807 - 1891 Jules Grévy
8%
Labor 2013 1957 - Kevin Rudd
8%
Labor 2007 - 2010 1957 - Kevin Rudd
8%
Conservative 1894 - 1896 1823 - 1917 Mackenzie Bowell
8%
Liberal 1975 - 1983 1930 - 2015 Malcolm Fraser
8%
Independent 1918 1867 - 1929 Max von Baden
8%
Democratic-Republican 1920 1855 - 1922 Paul Deschanel
8%
Independent 1931 - 1932 1857 - 1932 Paul Doumer
8%
Labor 1991 - 1996 1944 - Paul Keating
8%
Conservative 1895 - 1902 1830 - 1903 Robert Gascoyne-Cecil
8%
Conservative 1886 - 1892 1830 - 1903 Robert Gascoyne-Cecil
8%
Conservative 1885 - 1886 1830 - 1903 Robert Gascoyne-Cecil
8%
Tory 1812 - 1827 1770 - 1828 Robert Jenkinson
8%
Conservative 1841 - 1846 1788 - 1850 Robert Peel
8%
Conservative 1834 - 1835 1788 - 1850 Robert Peel
8%
Opportunist Republican 1887 - 1894 1837 - 1894 Sadi Carnot
8%
Whig 1742 - 1743 1673 - 1743 Spencer Compton
8%
Nationalist 1923 - 1929 1883 - 1967 Stanley Bruce
8%
Whig 1757 - 1762 1693 - 1768 Thomas Pelham-Holles
8%
Whig 1754 - 1756 1693 - 1768 Thomas Pelham-Holles
8%
Centre-Left 1947 - 1954 1884 - 1966 Vincent Auriol
8%
Independent 1922 - 1923 1876 - 1933 Wilhelm Cuno
8%
Whig 1756 - 1757 1720 - 1764 William Cavendish
8%
Tory 1807 - 1809 1738 - 1809 William Cavendish-Bentinck
8%
Whig 1783 1738 -1809 William Cavendish-Bentinck
8%
Whig 1806 - 1807 1759 - 1834 William Grenville
8%
Whig 1836 - 1841 1779 - 1848 William Lamb
8%
Whig 1834 1779 - 1848 William Lamb
8%
Whig 1782 - 1783 1737 - 1805 William Petty
8%
Independent 1900 - 1909 1849 - 1929 Bernhard von Bülow
0%
No matching quizzes found
Score Distribution
Percent of People with Each Score
Percentile by Number Answered
Your Score History
You have not taken this quiz since the last reset